[Event "GBR-ch 111th"]
[Site "Liverpool"]
[Date "2025.08.02"]
[Round "1.21"]
[White "Zhou, Yang-Fan"]
[Black "Eames, Robert S"]
[Result "1-0"]
[WhiteElo "2406"]
[BlackElo "2136"]
[PlyCount "55"]
[EventDate "2025.08.02"]
[EventType "swiss"]
[EventRounds "9"]
[EventCountry "GBR"]
[SourceTitle "BritBase"]
[Source "John Saunders"]
[SourceDate "2025.08.11"]
[SourceVersion "1"]
[SourceVersionDate "2025.08.11"]
[SourceQuality "1"]

1. e4 c5 2. Nf3 Nc6 3. d4 cxd4 4. Nxd4 Nf6 5. Nc3 h5 6. f4 Qb6 7. Nb3 d6 8. h3 e6 9. Bd3 a6 10. Qf3 h4 11. Be3 Qc7 12. O-O Nb4 13. a3 Nxd3 14. cxd3 Bd7 15. Rac1 Qd8 16. Qf2 Nh5 17. Rfe1 Ng3 18. Nd5 exd5 19. exd5 Be7 20. Bb6 Qb8 21. Bc7 Qa7 22. Qxa7 Rxa7 23. Bxd6 Nf5 24. Bxe7 Nxe7 25. d6 O-O 26. dxe7 Re8 27. Rc7 Bf5 28. Nc5 1-0

[Event "GBR-ch 111th"]
[Site "Liverpool"]
[Date "2025.08.02"]
[Round "1.22"]
[White "Crawford, Owen"]
[Black "Kanyamarala, Tarun"]
[Result "0-1"]
[WhiteElo "2125"]
[BlackElo "2397"]
[PlyCount "118"]
[EventDate "2025.08.02"]
[EventType "swiss"]
[EventRounds "9"]
[EventCountry "GBR"]
[SourceTitle "BritBase"]
[Source "John Saunders"]
[SourceDate "2025.08.11"]
[SourceVersion "1"]
[SourceVersionDate "2025.08.11"]
[SourceQuality "1"]

1. e4 d6 2. d4 Nf6 3. Nc3 e5 4. Nf3 Nbd7 5. Bc4 Be7 6. O-O O-O 7. a4 c6 8. Re1 h6 9. b3 Re8 10. Bf1 a5 11. Ba3 Qc7 12. Qd2 Nf8 13. h3 Ng6 14. Rad1 Rd8 15. Qe3 Be6 16. Nb1 d5 17. Bxe7 Qxe7 18. exd5 Nxd5 19. Qc1 exd4 20. Nxd4 Nf8 21. Na3 Qb4 22. Nxe6 Nxe6 23. Nc4 Nc3 24. Rd3 Rd5 25. Rd4 Rxd4 26. Be2 Rd3 27. Bxd3 b5 28. axb5 cxb5 29. Ne5 Nf4 30. Bf1 Re8 31. g3 Nfe2+ 32. Bxe2 Rxe5 33. Bd3 Qe7 34. Rxe5 Qxe5 35. Qa3 Qe1+ 36. Kg2 Ne4 37. Bxe4 Qxe4+ 38. Kg1 Qe1+ 39. Kg2 Qe4+ 40. Kg1 Qxc2 41. Qxa5 Qxb3 42. Qa8+ Kh7 43. Qe4+ g6 44. h4 h5 45. Kg2 Qc4 46. Qe5 Qd3 47. Qe7 Qd5+ 48. Kg1 Kg7 49. Kh2 Qd4 50. Kg2 b4 51. Qb7 Qc3 52. Qb6 b3 53. Qb8 b2 54. Qb6 Qa3 55. Qd4+ Kg8 56. Qd8+ Qf8 57. Qb6 Qa8+ 58. f3 Qa2 59. Qd8+ Kh7 0-1

[Event "GBR-ch 111th"]
[Site "Liverpool"]
[Date "2025.08.02"]
[Round "1.23"]
[White "Waldhausen Gordon, Frederick"]
[Black "Fellowes, Billy"]
[Result "1-0"]
[WhiteElo "2393"]
[BlackElo "2122"]
[PlyCount "107"]
[EventDate "2025.08.02"]
[EventType "swiss"]
[EventRounds "9"]
[EventCountry "GBR"]
[SourceTitle "BritBase"]
[Source "John Saunders"]
[SourceDate "2025.08.11"]
[SourceVersion "1"]
[SourceVersionDate "2025.08.11"]
[SourceQuality "1"]

1. e4 c6 2. d4 d5 3. exd5 cxd5 4. Bd3 Nf6 5. h3 Nc6 6. c3 e6 7. Nf3 Bd6 8. O-O h6 9. Re1 Qc7 10. Qe2 Bf4 11. Nbd2 a6 12. g3 Bd6 13. a4 b6 14. b3 Ne7 15. Bb2 O-O 16. Ne5 g6 17. Ndf3 Ne4 18. Bxe4 dxe4 19. Qxe4 Bb7 20. Qd3 Kh7 21. Ba3 f6 22. Bxd6 Qxd6 23. Nc4 Qc6 24. Ncd2 Nd5 25. Rac1 Rac8 26. Kh2 Kg7 27. Nh4 Ne7 28. c4 g5 29. Nhf3 Rcd8 30. d5 Qd7 31. Qe3 e5 32. Qxb6 Bc8 33. Ng1 Nf5 34. Ne4 Nd4 35. Rcd1 Qf5 36. Rd2 g4 37. hxg4 Qxg4 38. Nd6 Bd7 39. Re4 Qg5 40. Rdxd4 exd4 41. Re7+ Kg8 42. Qxd4 f5 43. Qe5 f4 44. Qxg5+ hxg5 45. c5 fxg3+ 46. Kxg3 Rf4 47. f3 Kf8 48. Rh7 Kg8 49. Rh5 Rb4 50. Rxg5+ Kf8 51. Ne2 Rxb3 52. Nd4 Rc3 53. c6 Rd3 54. N6b5 1-0

[Event "GBR-ch 111th"]
[Site "Liverpool"]
[Date "2025.08.02"]
[Round "1.24"]
[White "Vaidyanathan, Adithya"]
[Black "Golding, Alex"]
[Result "0-1"]
[WhiteElo "2115"]
[BlackElo "2377"]
[PlyCount "68"]
[EventDate "2025.08.02"]
[EventType "swiss"]
[EventRounds "9"]
[EventCountry "GBR"]
[SourceTitle "BritBase"]
[Source "John Saunders"]
[SourceDate "2025.08.11"]
[SourceVersion "1"]
[SourceVersionDate "2025.08.11"]
[SourceQuality "1"]

1. d4 e6 2. c4 f5 3. Nc3 Nf6 4. Nf3 d5 5. Bf4 c6 6. e3 Be7 7. Qc2 O-O 8. h3 Ne4 9. Bd3 Nd7 10. Nd2 Ndf6 11. O-O g5 12. Bh2 g4 13. Be5 Bd6 14. f3 Nxc3 15. Qxc3 gxh3 16. gxh3 Bxe5 17. dxe5 Nh5 18. Kh2 f4 19. Rg1+ Kh8 20. exf4 Rxf4 21. Rg4 Bd7 22. Bc2 Qe7 23. Rag1 Raf8 24. Qd3 Rxg4 25. Rxg4 b6 26. b3 Rf7 27. Nf1 Qc5 28. Kg2 dxc4 29. Qxc4 Qxe5 30. Qe4 Nf4+ 31. Kh2 Qf6 32. Ng3 e5 33. Ne2 Bxg4 34. hxg4 Qh4+ 0-1

[Event "GBR-ch 111th"]
[Site "Liverpool"]
[Date "2025.08.02"]
[Round "1.25"]
[White "Claridge-Hansen, William"]
[Black "Adams, Henry"]
[Result "1-0"]
[WhiteElo "2364"]
[BlackElo "2114"]
[PlyCount "97"]
[EventDate "2025.08.02"]
[EventType "swiss"]
[EventRounds "9"]
[EventCountry "GBR"]
[SourceTitle "BritBase"]
[Source "John Saunders"]
[SourceDate "2025.08.11"]
[SourceVersion "1"]
[SourceVersionDate "2025.08.11"]
[SourceQuality "1"]

1. Nf3 d5 2. g3 Nf6 3. Bg2 g6 4. c4 c6 5. Qa4 Nbd7 6. cxd5 cxd5 7. Nc3 Bg7 8. d4 O-O 9. O-O Nb6 10. Qb3 Bf5 11. a4 Ne4 12. Bf4 Nxc3 13. bxc3 Be4 14. Nd2 Bxg2 15. Kxg2 a5 16. Rfb1 Ra6 17. Ra2 Qd7 18. Qb5 Qc6 19. Nb3 Nc4 20. Nc5 Rb6 21. Qxc6 bxc6 22. Rxb6 Nxb6 23. Rb2 Nc4 24. Rb7 e5 25. dxe5 Nxe5 26. Be3 Nc4 27. Bd4 Rc8 28. g4 g5 29. e3 Bxd4 30. cxd4 Kg7 31. Kg3 Kg6 32. h4 gxh4+ 33. Kxh4 h6 34. Nd3 Kf6 35. Nf4 Kg7 36. Nh5+ Kg6 37. f4 Nxe3 38. f5+ Nxf5+ 39. gxf5+ Kxf5 40. Ng3+ Kg6 41. Kg4 c5 42. Nf5 Re8 43. Ne7+ Kf6 44. Nxd5+ Kg7 45. dxc5 Re4+ 46. Kf5 Rc4 47. Rc7 Rxa4 48. c6 Rc4 49. Rc8 1-0

[Event "GBR-ch 111th"]
[Site "Liverpool"]
[Date "2025.08.02"]
[Round "1.26"]
[White "Chan, Sheng Liang Bernard"]
[Black "Hobson, Kenneth"]
[Result "0-1"]
[WhiteElo "2098"]
[BlackElo "2361"]
[PlyCount "156"]
[EventDate "2025.08.02"]
[EventType "swiss"]
[EventRounds "9"]
[EventCountry "GBR"]
[SourceTitle "BritBase"]
[Source "John Saunders"]
[SourceDate "2025.08.11"]
[SourceVersion "1"]
[SourceVersionDate "2025.08.11"]
[SourceQuality "1"]

1. d4 Nf6 2. Bf4 d5 3. e3 e6 4. Nf3 c5 5. c3 Nc6 6. Bd3 Nh5 7. Bg5 f6 8. Bh4 Be7 9. Nbd2 g6 10. g4 Ng7 11. Bg3 O-O 12. dxc5 e5 13. e4 d4 14. cxd4 Nxd4 15. Nxd4 Qxd4 16. Nb3 Qxb2 17. O-O Be6 18. h3 a5 19. Qc1 Qxc1 20. Raxc1 a4 21. Na1 Bxa2 22. c6 bxc6 23. Rxc6 Rfc8 24. Rb6 Rc3 25. Rb2 Bf7 26. Bb1 Bc5 27. Kg2 Bd4 28. Rb7 Rac8 29. f4 Rxg3+ 30. Kxg3 exf4+ 31. Kg2 Bxa1 32. Rd1 Ne6 33. Rdd7 f3+ 34. Kxf3 Ng5+ 35. Kg2 a3 36. h4 a2 37. hxg5 axb1=Q 38. Rxb1 Be5 39. Rbb7 Rf8 40. gxf6 Bxf6 41. Rdc7 h6 42. Rc6 Kg7 43. Re6 Bg5 44. Reb6 Ra8 45. e5 Kf8 46. e6 Be8 47. Rh7 Kg8 48. Rhb7 Be3 49. Rb8 Bxb6 50. Rxa8 Kf8 51. Rb8 Bc7 52. Rc8 Bd6 53. Kf3 Ke7 54. Ke4 Ba4 55. Rh8 Bc6+ 56. Ke3 Kxe6 57. Rxh6 Kf6 58. Rh8 Kg5 59. Rg8 Bf4+ 60. Kd4 Bf3 61. Rg7 Bxg4 62. Ke4 Bf5+ 63. Kf3 Be5 64. Ra7 Bg4+ 65. Kg2 Kf4 66. Ra4+ Kf5 67. Rb4 g5 68. Ra4 Bd1 69. Rc4 Bf4 70. Rd4 Bh5 71. Kh3 Be2 72. Rd5+ Ke4 73. Ra5 Bf1+ 74. Kg4 Be2+ 75. Kh3 Kf3 76. Ra3+ Be3 77. Rb3 Bf1+ 78. Kh2 g4 0-1

[Event "GBR-ch 111th"]
[Site "Liverpool"]
[Date "2025.08.02"]
[Round "1.27"]
[White "Flear, Glenn C"]
[Black "Hryshchenko, Kamila"]
[Result "1-0"]
[WhiteElo "2358"]
[BlackElo "2097"]
[PlyCount "90"]
[EventDate "2025.08.02"]
[EventType "swiss"]
[EventRounds "9"]
[EventCountry "GBR"]
[SourceTitle "BritBase"]
[Source "John Saunders"]
[SourceDate "2025.08.11"]
[SourceVersion "1"]
[SourceVersionDate "2025.08.11"]
[SourceQuality "1"]

1. d4 g6 2. e4 Bg7 3. c4 d6 4. Nc3 Nf6 5. Be2 O-O 6. Bg5 c5 7. d5 e6 8. Qc1 exd5 9. exd5 Qb6 10. Nf3 h6 11. Bxh6 Bxh6 12. Qxh6 Qxb2 13. Rc1 Bg4 14. O-O Nbd7 15. Qf4 Rae8 16. h3 Bxf3 17. Qxf3 Qd2 18. Rfe1 a6 19. g3 Kg7 20. Rcd1 Qh6 21. Bf1 Re5 22. Rxe5 Nxe5 23. Qg2 g5 24. Rb1 g4 25. hxg4 Nfxg4 26. Be2 f5 27. Rxb7+ Kf6 28. f4 Rh8 29. fxe5+ Nxe5 30. Nd1 Qd2 31. Rb3 Nxc4 32. Rf3 Re8 33. Bxc4 Qxd1+ 34. Rf1 Qg4 35. Rf4 Qd1+ 36. Bf1 Re5 37. Qf3 Qe1 38. g4 Qe3+ 39. Qxe3 Rxe3 40. Rxf5+ Kg6 41. Kg2 Ra3 42. Bc4 Rc3 43. Bxa6 c4 44. Rf4 Rc2+ 45. Kg3 c3 1-0

[Event "GBR-ch 111th"]
[Site "Liverpool"]
[Date "2025.08.02"]
[Round "1.28"]
[White "Stoica, Savas Marin"]
[Black "Chopra, Tanmay"]
[Result "1/2-1/2"]
[WhiteElo "2092"]
[BlackElo "2357"]
[PlyCount "44"]
[EventDate "2025.08.02"]
[EventType "swiss"]
[EventRounds "9"]
[EventCountry "GBR"]
[SourceTitle "BritBase"]
[Source "John Saunders"]
[SourceDate "2025.08.11"]
[SourceVersion "1"]
[SourceVersionDate "2025.08.11"]
[SourceQuality "1"]

1. d4 Nf6 2. c4 e6 3. Nf3 d5 4. g3 Bb4+ 5. Nbd2 O-O 6. Bg2 a5 7. O-O Nc6 8. Qc2 a4 9. Rd1 Bd7 10. e3 Qc8 11. Ne5 Rd8 12. Ndf3 Be7 13. Nxc6 Bxc6 14. Ne5 Be8 15. Nd3 b6 16. Bd2 Ne4 17. Be1 Qb7 18. Rac1 Rac8 19. Nf4 Nf6 20. cxd5 exd5 21. Bh3 Bd7 22. Bxd7 Rxd7 1/2-1/2

[Event "GBR-ch 111th"]
[Site "Liverpool"]
[Date "2025.08.02"]
[Round "1.29"]
[White "Eggleston, David J"]
[Black "Honey, Luke"]
[Result "1-0"]
[WhiteElo "2348"]
[BlackElo "2082"]
[PlyCount "89"]
[EventDate "2025.08.02"]
[EventType "swiss"]
[EventRounds "9"]
[EventCountry "GBR"]
[SourceTitle "BritBase"]
[Source "John Saunders"]
[SourceDate "2025.08.11"]
[SourceVersion "1"]
[SourceVersionDate "2025.08.11"]
[SourceQuality "1"]

1. e4 d5 2. exd5 Qxd5 3. Nc3 Qd6 4. Nf3 Nf6 5. d4 c6 6. Ne5 Nbd7 7. Nc4 Qc7 8. g3 Nb6 9. Bf4 Qd8 10. Ne5 Nbd5 11. Nxd5 Nxd5 12. Bc1 Nf6 13. Bc4 e6 14. c3 Bd6 15. Qe2 Qc7 16. g4 b5 17. Bd3 Bb7 18. Rg1 O-O-O 19. a4 a6 20. Bd2 Nd5 21. axb5 cxb5 22. c4 bxc4 23. Bxc4 Nb4 24. Rc1 Kb8 25. Bb3 Qe7 26. h3 Rc8 27. Kd1 Rhd8 28. Rc3 Bc7 29. Rc4 Ba5 30. Rxc8+ Rxc8 31. Nc4 Bc7 32. Ne3 g6 33. g5 Rd8 34. Qc4 Nd5 35. Nxd5 Bxd5 36. Qd3 Bxb3+ 37. Qxb3+ Ka8 38. Qc4 Qd6 39. Rg3 Qxd4 40. Qc6+ Kb8 41. Rb3+ Kc8 42. Qxa6+ Kd7 43. Rd3 Qxd3 44. Qxd3+ Ke7 45. Qc4 1-0

[Event "GBR-ch 111th"]
[Site "Liverpool"]
[Date "2025.08.02"]
[Round "1.30"]
[White "Pereslavtsev, Alexandr"]
[Black "Derakhshani, Borna"]
[Result "0-1"]
[WhiteElo "2079"]
[BlackElo "2348"]
[PlyCount "60"]
[EventDate "2025.08.02"]
[EventType "swiss"]
[EventRounds "9"]
[EventCountry "GBR"]
[SourceTitle "BritBase"]
[Source "John Saunders"]
[SourceDate "2025.08.11"]
[SourceVersion "1"]
[SourceVersionDate "2025.08.11"]
[SourceQuality "1"]

1. d4 e6 2. c4 d5 3. Nc3 c6 4. e4 dxe4 5. Nxe4 Bb4+ 6. Bd2 Qxd4 7. Bxb4 Qxe4+ 8. Ne2 Na6 9. Bf8 Ne7 10. Bxg7 Rg8 11. Bf6 Rg6 12. Bxe7 Kxe7 13. Qd2 e5 14. O-O-O Qxc4+ 15. Nc3 Qf4 16. Qxf4 exf4 17. Bxa6 bxa6 18. g3 Be6 19. Rd4 Rf6 20. Ra4 fxg3 21. fxg3 Rf2 22. Rxa6 Bf5 23. Re1+ Kf8 24. Ne4 Rxh2 25. g4 Bg6 26. Rxc6 Re8 27. Rc4 Rg2 28. Re3 Rg1+ 29. Kd2 Rxg4 30. Kd3 h5 0-1

[Event "GBR-ch 111th"]
[Site "Liverpool"]
[Date "2025.08.02"]
[Round "1.31"]
[White "Hebden, Mark L"]
[Black "Malinovskii, Ilia"]
[Result "1-0"]
[WhiteElo "2347"]
[BlackElo "2075"]
[PlyCount "89"]
[EventDate "2025.08.02"]
[EventType "swiss"]
[EventRounds "9"]
[EventCountry "GBR"]
[SourceTitle "BritBase"]
[Source "John Saunders"]
[SourceDate "2025.08.11"]
[SourceVersion "1"]
[SourceVersionDate "2025.08.11"]
[SourceQuality "1"]

1. Nf3 d5 2. e3 Nf6 3. c4 e6 4. Nc3 c5 5. cxd5 exd5 6. d4 c4 7. Bd2 a6 8. a4 Nc6 9. b3 cxb3 10. Qxb3 Bf5 11. Be2 Na5 12. Qb2 Bd6 13. O-O O-O 14. Rfc1 Rc8 15. Be1 Rc6 16. Nd1 Nc4 17. Bxc4 dxc4 18. Ne5 Bxe5 19. dxe5 Nd7 20. Bb4 Re8 21. Bd6 Bd3 22. a5 Rxd6 23. exd6 Nc5 24. Qb4 Qxd6 25. Nb2 Qf6 26. Ra2 Qg5 27. Nxc4 Be4 28. f4 Nd3 29. fxg5 Nxb4 30. Ra4 Nd3 31. Nd6 Nxc1 32. Nxe8 Bc6 33. Rc4 Nb3 34. Nd6 Nxa5 35. Rf4 b5 36. Rxf7 g6 37. Ra7 b4 38. Rxa6 b3 39. Rb6 Kf8 40. Rb4 Ke7 41. Nc4 Nxc4 42. Rxc4 Bd5 43. Rd4 Bc6 44. Kf2 Ke6 45. Rb4 1-0

[Event "GBR-ch 111th"]
[Site "Liverpool"]
[Date "2025.08.02"]
[Round "1.32"]
[White "Kueh, Audrey"]
[Black "Wells, Peter K"]
[Result "1/2-1/2"]
[WhiteElo "2071"]
[BlackElo "2339"]
[PlyCount "75"]
[EventDate "2025.08.02"]
[EventType "swiss"]
[EventRounds "9"]
[EventCountry "GBR"]
[SourceTitle "BritBase"]
[Source "John Saunders"]
[SourceDate "2025.08.11"]
[SourceVersion "1"]
[SourceVersionDate "2025.08.11"]
[SourceQuality "1"]

1. e4 c5 2. Nf3 d6 3. d4 cxd4 4. Nxd4 Nf6 5. Nc3 a6 6. Be3 e5 7. Nf3 Be7 8. Bc4 Be6 9. Bxe6 fxe6 10. O-O Nc6 11. Ng5 Qd7 12. Na4 Bd8 13. Qd3 h6 14. Nf3 b5 15. Nb6 Bxb6 16. Bxb6 Rb8 17. Be3 O-O 18. a4 bxa4 19. Qxa6 Rxb2 20. Qxa4 Rb4 21. Qa3 Nxe4 22. Rfd1 Qb7 23. Nd2 Nd4 24. Qd3 Nc3 25. Re1 Rc8 26. Nb3 e4 27. Qd2 Nxb3 28. cxb3 Qd5 29. Bxh6 gxh6 30. Qxh6 Rb7 31. Re3 Rg7 32. Rh3 Ne2+ 33. Kh1 Qb7 34. Qxe6+ Rf7 35. Qg4+ Rg7 36. Qe6+ Rf7 37. Qg4+ Rg7 38. Qe6+ 1/2-1/2

[Event "GBR-ch 111th"]
[Site "Liverpool"]
[Date "2025.08.02"]
[Round "1.33"]
[White "Ledger, Andrew J"]
[Black "Liu, Jack"]
[Result "1-0"]
[WhiteElo "2323"]
[BlackElo "2071"]
[PlyCount "57"]
[EventDate "2025.08.02"]
[EventType "swiss"]
[EventRounds "9"]
[EventCountry "GBR"]
[SourceTitle "BritBase"]
[Source "John Saunders"]
[SourceDate "2025.08.11"]
[SourceVersion "1"]
[SourceVersionDate "2025.08.11"]
[SourceQuality "1"]

1. Nf3 Nf6 2. c4 e6 3. d4 b6 4. g3 Ba6 5. Qc2 c5 6. d5 exd5 7. cxd5 Bb7 8. e4 Qe7 9. Bd3 Nxd5 10. a3 g6 11. O-O Nf6 12. Nc3 Bg7 13. e5 Bxf3 14. exf6 Qxf6 15. Be4 Kf8 16. Nd5 Bxe4 17. Qxe4 Qe5 18. Qg2 Nc6 19. Bf4 Qxb2 20. Bd6+ Ke8 21. Nc7+ Kd8 22. Nxa8 Qf6 23. Rad1 Nd4 24. Qd5 Bf8 25. Bf4 Qe6 26. Qb7 Qc6 27. Qb8+ Ke7 28. Rxd4 cxd4 29. Re1+ 1-0

[Event "GBR-ch 111th"]
[Site "Liverpool"]
[Date "2025.08.02"]
[Round "1.34"]
[White "Dicen, Elis Denele"]
[Black "Kalavannan, Koby"]
[Result "0-1"]
[WhiteElo "2069"]
[BlackElo "2323"]
[PlyCount "106"]
[EventDate "2025.08.02"]
[EventType "swiss"]
[EventRounds "9"]
[EventCountry "GBR"]
[SourceTitle "BritBase"]
[Source "John Saunders"]
[SourceDate "2025.08.11"]
[SourceVersion "1"]
[SourceVersionDate "2025.08.11"]
[SourceQuality "1"]

1. Nf3 Nf6 2. g3 b6 3. Bg2 Bb7 4. O-O g6 5. c4 Bg7 6. d4 O-O 7. b3 c5 8. Bb2 cxd4 9. Qxd4 Nc6 10. Qd2 d5 11. cxd5 Qxd5 12. Nc3 Qh5 13. Qg5 Qxg5 14. Nxg5 Rfd8 15. Rfd1 h6 16. Nge4 Ne8 17. Rac1 Rab8 18. Ba3 f5 19. Nd2 Bxc3 20. Rxc3 Nd4 21. Rc4 Nxe2+ 22. Kf1 Bxg2+ 23. Kxg2 Rd3 24. Bb2 Rbd8 25. Rc2 Nd4 26. Rc3 Nf3 27. Rxd3 Rxd3 28. Bc1 Nd6 29. Kf1 Nb5 30. Ke2 Ne5 31. Re1 Nc3+ 32. Kf1 Nxa2 33. Ba3 Nc6 34. Nc4 b5 35. Ne3 b4 36. Bb2 Rxb3 37. Ba1 Nc3 38. Nc4 Kf7 39. Nd2 Ra3 40. Kg2 Ra2 41. Nb3 a5 42. Rc1 a4 43. Nc5 Ne2 44. Rd1 a3 45. Kf1 Rc2 46. Nb3 Nc3 47. Re1 Ne4 48. f3 Rf2+ 49. Kg1 Rxf3 50. Nd4 Nxd4 51. Bxd4 Rd3 52. Be5 b3 53. Rb1 Nd2 0-1

[Event "GBR-ch 111th"]
[Site "Liverpool"]
[Date "2025.08.02"]
[Round "1.35"]
[White "Fava, Lorenzo"]
[Black "Weersing, Abigail R"]
[Result "1-0"]
[WhiteElo "2318"]
[BlackElo "2056"]
[PlyCount "121"]
[EventDate "2025.08.02"]
[EventType "swiss"]
[EventRounds "9"]
[EventCountry "GBR"]
[SourceTitle "BritBase"]
[Source "John Saunders"]
[SourceDate "2025.08.11"]
[SourceVersion "1"]
[SourceVersionDate "2025.08.11"]
[SourceQuality "1"]

1. Nf3 Nf6 2. g3 d5 3. Bg2 c5 4. O-O Nc6 5. d4 e6 6. c4 Be7 7. cxd5 Nxd5 8. dxc5 Bxc5 9. Qc2 Qb6 10. a3 O-O 11. e4 Nf6 12. b4 Bd4 13. Nxd4 Nxd4 14. Qb2 e5 15. Nc3 Bg4 16. Be3 Rac8 17. Rac1 Rfd8 18. h3 Bh5 19. g4 Bg6 20. g5 Nh5 21. Nd5 Qd6 22. Rxc8 Rxc8 23. Bxd4 exd4 24. Qxd4 Nf4 25. Re1 Nxd5 26. exd5 b6 27. Qg4 Rd8 28. Rc1 Qe5 29. Qd7 Qxg5 30. Rc8 Rf8 31. Rxf8+ Kxf8 32. Qc8+ Ke7 33. Qc7+ Ke8 34. d6 Bf5 35. f4 Qd8 36. Bc6+ Bd7 37. b5 g5 38. f5 Qxc7 39. dxc7 Ke7 40. Bb7 Bxf5 41. c8=Q Bxc8 42. Bxc8 Kd6 43. Bf5 h6 44. Kf2 Ke5 45. Bh7 Kf4 46. Bg8 f5 47. Be6 h5 48. h4 g4 49. Bf7 g3+ 50. Kg2 Kg4 51. Bxh5+ Kxh4 52. Be2 f4 53. Bf3 Kg5 54. Kh3 Kf5 55. Kh4 Ke5 56. Kg4 Kd4 57. Kxf4 Kc5 58. a4 Kb4 59. Kxg3 Kxa4 60. Be2 Kb4 61. Kf4 1-0

[Event "GBR-ch 111th"]
[Site "Liverpool"]
[Date "2025.08.02"]
[Round "1.36"]
[White "Ashworth, Michael J"]
[Black "Yao, Lan"]
[Result "1-0"]
[WhiteElo "2053"]
[BlackElo "2316"]
[PlyCount "151"]
[EventDate "2025.08.02"]
[EventType "swiss"]
[EventRounds "9"]
[EventCountry "GBR"]
[SourceTitle "BritBase"]
[Source "John Saunders"]
[SourceDate "2025.08.11"]
[SourceVersion "1"]
[SourceVersionDate "2025.08.11"]
[SourceQuality "1"]

1. d4 Nf6 2. Nf3 d5 3. c4 e6 4. Nc3 dxc4 5. e4 b5 6. e5 Nd5 7. Nxb5 Nb6 8. Be2 Nc6 9. O-O Bb7 10. Bg5 Qd7 11. Rc1 h6 12. Be3 Nb4 13. Nc3 N4d5 14. Nd2 Nxc3 15. bxc3 Ba3 16. Rb1 Bd5 17. Qc2 Qc6 18. Bf3 Bxf3 19. Nxf3 O-O-O 20. Nd2 Rd5 21. Ne4 Ra5 22. Rfe1 Kb8 23. h3 Ka8 24. Bc1 Be7 25. Re2 Rd8 26. Ng3 Nd5 27. Nh5 Bf8 28. Nf4 Nb6 29. Nh5 f5 30. exf6 Rxh5 31. Qg6 Rf5 32. fxg7 Bxg7 33. Qxg7 Nd5 34. Qxh6 Rf6 35. Qh4 Rg8 36. Qe4 Rfg6 37. g3 Qd6 38. Bd2 c6 39. Qe5 Qd7 40. Kh2 Rf6 41. Be1 Rh6 42. Reb2 Nb6 43. Bd2 Rh7 44. Bf4 Rgh8 45. h4 Qe7 46. Bg5 Qf7 47. a4 Qf5 48. Qxf5 exf5 49. Bf4 Nd7 50. Rb4 a5 51. Rxc4 Rc8 52. d5 c5 53. Rb5 Ka7 54. Rxa5+ Kb6 55. Rb5+ Ka6 56. Be3 Re7 57. Rf4 Re5 58. c4 Rc7 59. Kg2 Rc8 60. h5 Nf6 61. Rh4 Ne4 62. h6 Ree8 63. Kf3 Rh8 64. Kf4 Rc7 65. f3 Nc3 66. Rxc5 Re7 67. Rc6+ Ka5 68. Re6 Ne2+ 69. Kxf5 Rf7+ 70. Rf6 Nxg3+ 71. Kg6 Re7 72. Bd2+ Kxa4 73. h7 Kb3 74. Bf4 Ne2 75. Bd6 Rd7 76. Bf8 1-0

[Event "GBR-ch 111th"]
[Site "Liverpool"]
[Date "2025.08.02"]
[Round "1.37"]
[White "Vijayakumar, Rishi"]
[Black "Bharat Kumar, Balahari"]
[Result "1/2-1/2"]
[WhiteElo "2310"]
[BlackElo "2052"]
[PlyCount "143"]
[EventDate "2025.08.02"]
[EventType "swiss"]
[EventRounds "9"]
[EventCountry "GBR"]
[SourceTitle "BritBase"]
[Source "John Saunders"]
[SourceDate "2025.08.11"]
[SourceVersion "1"]
[SourceVersionDate "2025.08.11"]
[SourceQuality "1"]

1. d4 d5 2. c4 e6 3. Nc3 a6 4. cxd5 exd5 5. Qb3 Nf6 6. Bg5 c6 7. e4 dxe4 8. Bc4 Qe7 9. a4 h6 10. Bxf6 gxf6 11. Nge2 f5 12. f3 e3 13. Nf4 Bg7 14. Nce2 Nd7 15. O-O Nf8 16. Rfd1 Ne6 17. Nh5 Rg8 18. Qxe3 Qg5 19. Qxg5 hxg5 20. d5 cxd5 21. Nxg7+ Rxg7 22. Bxd5 Rb8 23. Rac1 Bd7 24. b3 b6 25. Bc6 Bxc6 26. Rxc6 Rg6 27. Rdd6 Nf8 28. Nd4 f4 29. b4 Rd8 30. Nf5 Rdxd6 31. Rxd6 Nd7 32. Rd5 Rc6 33. h4 gxh4 34. Rd4 h3 35. Re4+ Kd8 36. gxh3 Rc1+ 37. Kf2 Ra1 38. Nd6 f6 39. Nf7+ Kc7 40. Rc4+ Kb8 41. h4 Rxa4 42. h5 Ra2+ 43. Kg1 Ne5 44. Nxe5 fxe5 45. h6 Rd2 46. Rc6 Kb7 47. Rg6 Rd8 48. Kf2 Rd2+ 49. Kg1 Rd8 50. Kf1 Kc7 51. Ke2 a5 52. b5 a4 53. Rc6+ Kb7 54. Rg6 Kc7 55. Rc6+ Kb7 56. Rc4 a3 57. Ra4 Rh8 58. Rxa3 Rxh6 59. Kd3 Rh1 60. Ke4 Re1+ 61. Kd5 Re3 62. Ra4 Rxf3 63. Kxe5 Rb3 64. Kxf4 Rxb5 65. Ke4 Rc5 66. Kd4 Rc1 67. Rc4 Rh1 68. Kc3 Ka6 69. Rg4 Ka5 70. Kb3 Rh3+ 71. Kb2 b5 72. Rf4 1/2-1/2

[Event "GBR-ch 111th"]
[Site "Liverpool"]
[Date "2025.08.02"]
[Round "1.38"]
[White "Harborne, Matthew J"]
[Black "Badacsonyi, Stanley"]
[Result "1/2-1/2"]
[WhiteElo "2048"]
[BlackElo "2309"]
[PlyCount "59"]
[EventDate "2025.08.02"]
[EventType "swiss"]
[EventRounds "9"]
[EventCountry "GBR"]
[SourceTitle "BritBase"]
[Source "John Saunders"]
[SourceDate "2025.08.11"]
[SourceVersion "1"]
[SourceVersionDate "2025.08.11"]
[SourceQuality "1"]

1. e4 e6 2. d4 d5 3. Nd2 Nc6 4. Ngf3 Nf6 5. e5 Nd7 6. Bb5 a6 7. Bxc6 bxc6 8. Nb3 c5 9. Bg5 Be7 10. Na5 Nxe5 11. Nxe5 Bxg5 12. Nac6 Qf6 13. g3 Qf5 14. f4 Bf6 15. O-O h5 16. dxc5 Bxe5 17. fxe5 Qe4 18. Qf3 Qxf3 19. Rxf3 Rf8 20. Raf1 a5 21. Ra3 a4 22. Rf4 Ra6 23. Nb4 Ra5 24. Nd3 Bd7 25. Rh4 g6 26. Rb4 Bb5 27. Nf4 Bc6 28. Nd3 Bb5 29. Nf4 Ke7 30. Kf2 1/2-1/2

[Event "GBR-ch 111th"]
[Site "Liverpool"]
[Date "2025.08.02"]
[Round "1.39"]
[White "Hunt, Harriet V"]
[Black "Lebedev, Lion"]
[Result "1-0"]
[WhiteElo "2294"]
[BlackElo "2048"]
[PlyCount "73"]
[EventDate "2025.08.02"]
[EventType "swiss"]
[EventRounds "9"]
[EventCountry "GBR"]
[SourceTitle "BritBase"]
[Source "John Saunders"]
[SourceDate "2025.08.11"]
[SourceVersion "1"]
[SourceVersionDate "2025.08.11"]
[SourceQuality "1"]

1. e4 e5 2. Nf3 Nc6 3. Bb5 a6 4. Ba4 Nf6 5. d3 b5 6. Bb3 Bc5 7. c3 d6 8. Bg5 h6 9. Bh4 g5 10. Bg3 Bb6 11. Nbd2 Qe7 12. Nf1 Be6 13. Bc2 Rd8 14. Qe2 Qd7 15. Ne3 Ng4 16. h3 Nxe3 17. fxe3 f6 18. Nd2 h5 19. h4 g4 20. d4 Ne7 21. O-O Rh6 22. Rf2 Ng8 23. a4 c5 24. d5 Bf7 25. axb5 axb5 26. c4 Ke7 27. cxb5 Be8 28. Bd3 Qc7 29. Ra6 Bd7 30. Bc4 Bc8 31. Ra3 Bb7 32. Rf1 Rh8 33. Bd3 Nh6 34. Nc4 Ra8 35. Rxa8 Rxa8 36. Qf2 Rf8 37. Bxe5 1-0